00658nam a2200241 a 4500001001300000003000900013005001700022008004100039020001000080082001300090100001400103245003300117260002300150300000800173500003500181505001500216650002800231700001400259902000800273942000700281952011300288999001500401nice12345678IN_TiNIC20260116011842.0050524s1960 lona grp 000 0 eng  ac10000a242bKNO aKnox, W L aMeditation and Mental Prayer aLondonbSpckc1960 a69p aincludes index and biblioraphy2 aIll, Index aMeditation-Christianity1 aKnox, W L bSRS cBK 001040708StackRoom-aHMIbHMId2007-06-29g100.00l0o242 KNOp07734r2007-06-29v100.00w2005-05-24yBK c4453d4453